Divergence in the mitochondrial DNA of Empidonax traillii and E. alnorum, with notes on hybridization (Registro nro. 9433)

Detalles MARC
000 -CABECERA
Campo de control 005150000a22001690004500
090 ## - CLASIFICACIÓN LOCAL
Colección AR
Consecutivo 00335
041 0# - IDIOMA
Código de idioma para texto/pista de sonido o título separado
100 1# - ASIENTO PRINCIPAL--NOMBRE PERSONAL
Nombre personal Winker, Kevin
245 10 - MENCION DE TITULO
Título Divergence in the mitochondrial DNA of Empidonax traillii and E. alnorum, with notes on hybridization
650 14 - ASIENTO SECUNDARIO DE MATERIA - TERMINO TEMATICO
Término temático o nombre geográfico como elemento de entrada Genética
650 14 - ASIENTO SECUNDARIO DE MATERIA - TERMINO TEMATICO
Término temático o nombre geográfico como elemento de entrada Evolución
650 14 - ASIENTO SECUNDARIO DE MATERIA - TERMINO TEMATICO
Término temático o nombre geográfico como elemento de entrada Aves
653 ## - TERMINO DE INDIZACION - NO CONTROLADO
-- Empidonax
-- Empidonax trailli
653 ## - TERMINO DE INDIZACION - NO CONTROLADO
-- Empidonax
-- Empidonax alnorum
773 1# - Item fuente:
Título Auk
Especificación de materiales 13
Descripción física 3
Paginas del Articulo 710-713
Lugar, editorial y fecha de publicación 1994
Información sobre la relación 111
942 ## - ELEMENTOS ADICIONALES (KOHA)
Tipo de ítem Artículo
Existencias
Withdrawn status Lost status Damaged status No para préstamo Colección Ubicación Permanente Ubicación actual Fecha de adquisición Fuente de Valor Datos de publicación Seriada Total Checkouts Número topográfico Inventario / Código de Barras Date last seen Ejemplar Price effective from Forma de adquisición Tipo de material
      No para Préstamo Hemeroteca Bogotá Bogotá 27/02/2015 Franco, Ana María Fuera de circulación   AR 00335 010588 25/03/2015 1 25/03/2015   Artículo